000 00606nam a2200277Ia 4500
005 20260401122210.0
008 008 250103s9999 xx 000 0 eng d
020 _a195653009
037 _aTB
040 _aEDL
040 _beng
040 _cEDL
041 _2eng
041 _aeng
084 _a894.8271 RAO
084 _qEDL
245 0 _aClassical Telugu Poetry: Anthology
260 _aNew Delhi
260 _bOxford University Press
260 _c2002
300 _a418p
942 _cTB
942 _h894.8271 RAO
999 _c1845579
_d1845579